00685nam a22002057a 450000500170000001000150001702000260003203500130005803500130007103700130008403700170009708200200011410000220013424500900015626000300024627000680027630000440034450000500038865000410043820140218154847.0 aENG-106369 a9789380607467c795.00 aEN-89902 aB-495401 bDBAD/PUB bBBB/Venadpl00a746.14095432191 aRamaswamy, Vijaya14aThe song of the loom :bweaver folk traditions in South India /cby Vijaya Ramaswamy aDelhibPrimus Booksc2013 aVirat Bhavan, Mukherjee Nagar Commercial ComplexbDelhie110009 axx,131p. :bill. (some col.) c25cm(Hb) aIncludes bibliographical references and index 0aNavajo textile fabricsxExhibitions.